Normal view
MARC view
- Khan,Ahmad Mujtaba
Entry Personal Name
001 - CONTROL NUMBER
- control field: 5197
003 - CONTROL NUMBER IDENTIFIER
- control field: NUST
005 - DATE AND TIME OF LATEST TRANSACTION
- control field: 20171004112920.0
008 - FIXED-LENGTH DATA ELEMENTS
- fixed length control field: 171004|| aca||aabn | a|a d
040 ## - CATALOGING SOURCE
- Original cataloging agency: NUST
- Transcribing agency: NUST
100 ## - HEADING--PERSONAL NAME
- Personal name: Khan,Ahmad Mujtaba
670 ## - SOURCE DATA FOUND
- Source citation: Work cat.: (NUST): Khan,Ahmad Mujtaba, The statistical value of injury in labor market of Pakistan, 2015
